Online
Catalog

Comprendiendo a tu hijo de 8 años. / (Record no. 40469)

MARC details
000 -CABECERA
campo de control de longitud fija 00679nam a2200205 a 4500
001 - NÚMERO DE CONTROL
campo de control 000040979
005 - FECHA Y HORA DE LA ÚLTIMA TRANSACCIÓN
campo de control 20201002034526.0
008 - DATOS DE LONGITUD FIJA--INFORMACIÓN GENERAL
campo de control de longitud fija 130912s1997 sp 000 0 spa d
020 ## - NÚMERO INTERNACIONAL ESTÁNDAR DEL LIBRO
Número Internacional Estándar del Libro 8449304547
040 ## - FUENTE DE LA CATALOGACIÓN
Centro catalogador/agencia de origen DO-SdBNP
Lengua de catalogación spa
Centro/agencia transcriptor BNPHU
082 ## - NÚMERO DE LA CLASIFICACIÓN DECIMAL DEWEY
Número de clasificación xxxx
Número de documento/Ítem xxxx
100 1# - ENTRADA PRINCIPAL--NOMBRE DE PERSONA
Nombre de persona Miller, Lisa
9 (RLIN) 67413
240 10 - TÍTULO UNIFORME
Título uniforme Understanding your 8 year old
245 10 - MENCIÓN DE TÍTULO
Título Comprendiendo a tu hijo de 8 años. /
Mención de responsabilidad, etc. Lisa Miller; traducción, Fernando Cardenal Alcántara.
246 1# - FORMA VARIANTE DE TÍTULO
Título propio/Titulo breve Comprendiendo a tu hijo de ocho años
260 ## - PUBLICACIÓN, DISTRIBUCIÓN, ETC.
Lugar de publicación, distribución, etc. Barcelona, España :
Nombre del editor, distribuidor, etc. Paidós,
Fecha de publicación, distribución, etc. 1997.
300 ## - DESCRIPCIÓN FÍSICA
Extensión 95 p. ;
Dimensiones 23 cm.
504 ## - NOTA DE BIBLIOGRAFÍA, ETC.
Nota de bibliografía, etc. Bibliografía p: 95
700 1# - PUNTO DE ACCESO ADICIONAL--NOMBRE DE PERSONA
Nombre de persona Cardenal Alcántara, Fernando
Término indicativo de función/relación trad.
9 (RLIN) 67414
Holdings
Estado de retiro Estado de pérdida Restricciones de uso No para préstamo Código de colección Localización permanente Ubicación/localización actual Ubicación en estantería Fecha de adquisición Número de inventario Total de préstamos Signatura topográfica completa Código de barras Fecha visto por última vez Precio válido a partir de Tipo de ítem Koha
      Excluido de préstamo Monografías: Libros y Folletos General General En catalogación 12.09.2013 LF1   xxxx xxxx 40979-10 25.06.2020 25.06.2020 No se presta

Powered by Koha